Mấy nhận xét về tiêu chí tuyển lựa tác phẩm vào sách giáo khoa ngữ văn THPT qua hệ thống sách giáo khoa từ sau cách mạng tháng Tám đến nay /

שמור ב:
מידע ביבליוגרפי
מחבר ראשי: Lê Sử, ThS.
פורמט: Bài viết
שפה:Vietnamese
נושאים:
תגים: הוספת תג
אין תגיות, היה/י הראשונ/ה לתייג את הרשומה!
Thư viện lưu trữ: Thư viện Trường Đại học Đà Lạt
LEADER 00877nam a2200265 4500
001 DLU120140190
005 ##20120824
040 # # |a DLU  |b vie 
041 # # |a vie 
044 # # |a vn 
100 # # |a Lê Sử,   |c ThS. 
245 # # |a Mấy nhận xét về tiêu chí tuyển lựa tác phẩm vào sách giáo khoa ngữ văn THPT qua hệ thống sách giáo khoa từ sau cách mạng tháng Tám đến nay /  |c Lê Sử. 
653 # # |a Kháng chiến chống Mĩ 
653 # # |a Nhân văn 
653 # # |a Tác phẩm văn học 
773 # # |t Tạp chí Giáo dục  |g Số 10(248), 2010, tr. 34-36 
920 # # |a Phòng Tạp chí -- Trung tâm Thông tin - Thư viện Trường Đại học Đà Lạt 
994 # # |a DLU 
900 # # |a True 
911 # # |a Nguyễn Thị Linh Chi 
925 # # |a G 
926 # # |a A 
927 # # |a BB 
980 # # |a Thư viện Trường Đại học Đà Lạt